000 00625nam a2200157 4500
999 _c17059
_d17059
008 220602b ||||| |||| 00| 0 eng d
022 _a0732-8435
082 _aDPer 657.05 C33 Sept - Dec 2012, v. 82 n. 9 - 12
100 _aGeller, Sheldon M.
_942788
245 _aBest practices for 401 (k) plan sponsors and fiduciaries:
_brevealing the impact of recent ERISA litigation/
_cSheldon M. Geller.
260 _aNew York:
_bThe New York State Society of CPA,
_c©2012.
300 _av82 n9, pages 54-57:
_bcolor illustrations;
_c28 cm.
500 _aThe CPA Journal.
650 _aTrust and trustees.
_943547
942 _2ddc
_cPER